| 000 | 00909nam a2200205 a 4500 | ||
|---|---|---|---|
| 003 | PILC | ||
| 005 | 20250502094826.0 | ||
| 008 | 110111s2002 xx 00 eng d | ||
| 010 | _aAcc#41152 | ||
| 020 | _a1563097087 | ||
| 040 | _cPhilippine Baptist Theological Seminary | ||
| 050 |
_aBV 4527 _bK79 2002 |
||
| 100 | 1 | 0 |
_aKok, Elsa _eAuthor |
| 245 | 1 | 0 |
_aA woman who hurts, a God who heals: discovering God's unconditional love / _cby Elsa Kok. |
| 264 |
_aBirmingham, Alabama : _bNew Hope Publishers, _c©2002. |
||
| 300 |
_a163 pages ; _c22 cm. |
||
| 505 | _aLove for free -- There is hope -- White as snow -- It's okay to cry -- Frustrated ever after -- The truth -- Your pearls -- What's with the rules? -- When nothing works -- Girlfriends -- Calling his name -- Reading his story -- All for good -- My provider -- Rest for your soul. | ||
| 650 |
_aCHRISTIAN WOMEN _xRELIGIOUS LIFE |
||
| 942 |
_cCB _2lcc |
||
| 999 |
_c19329 _d19329 |
||